| 000 | 00566nam a2200169 i 4500 | ||
|---|---|---|---|
| 001 | 93883 | ||
| 003 | ES-MaACL | ||
| 005 | 20231207063020.0 | ||
| 007 | t| | ||
| 008 | 050421s1949 sp ||||1| spa d | ||
| 100 | 1 |
_aLópez Ibor, Juan José, _d1906-1991 _973703 |
|
| 245 | 1 | 4 |
_aLos problemas de las enfermedades mentales _b: corrientes actuales del pensamiento psiquiátrico / _cJuan José López Ibor. |
| 260 |
_aBarcelona : _bLabor, _c1949. |
||
| 300 |
_aXV, 349 p. : _bil. ; _c24 cm. |
||
| 852 |
_aES-MaACL _jD-6672 _bR.30606 |
||
| 999 |
_c93883 _d93883 |
||